000 00426nam a2200181Ia 4500
001 13124
005 20260306163030.0
008 260306t2002||||xx |||||||||||||| ||spa||
041 _aESP
082 _aRE 658.003
_bE56
100 _aOcéano Centrum
_eAUT
245 0 _aEnciclopedia del management
260 _c2002
300 _a1302 páginas :
_c31 cm.
650 _aGEN
654 _aCAN
942 _cLIB
_dJUS
_fJUS
_2ddc
_n
999 _c13124
_d13124